000
00372nam a2200181Ia 4500
003
IT-RoPAU
008
120407s9999 xx 000 0 und d
040
_a
IT-RoPAU
040
_c
IT-RoPAU
100
_a
John di Taizé
100
_c
Frère
245
_a
Il Dio pellegrino
250
_a
Padova
260
_a
Messaggero
300
_c
cm
490
_v
1
942
_c
BK
999
_c
8349
_d
8349